书目信息 |
| 题名: |
农业气象
|
|
| 作者: | ;农业出版社 改编 | |
| 分册: | ||
| 出版信息: | 北京 农业出版社 1973 |
|
| 页数: | 74页 | |
| 开本: | 20cm | |
| 丛书名: | ||
| 单 册: | ||
| 中图分类: | S16 | |
| 科图分类: | ||
| 主题词: | 农业科学:气象学 | |
| 电子资源: | ||
| ISBN: | ||
| 000 | 00506nam0 2200181 450 | |
| 001 | 0657610267 | |
| 005 | 20060803091708.78 | |
| 010 | @dCNY0.21 | |
| 100 | @a20060515d1973 km y0chiy0120 ea | |
| 101 | 0 | @achi |
| 200 | 1 | @a农业气象@Anong ye qi xiang@f农业出版社改编@Fnong ye chu ban she gai bian |
| 210 | @a北京@c农业出版社@d1973 | |
| 215 | 1 | @a74页@d20cm |
| 606 | 0 | @a农业科学:气象学 |
| 690 | @aS16@v4 | |
| 711 | 0 | @a农业出版社@Anong ye chu ban she@4改编 |
| 801 | 0 | @aCN@bPFT@c20060803 |
| 905 | @a10447@dS16@e46 | |
| 农业气象/农业出版社改编.-北京:农业出版社,1973 |
| 74页;20cm |
| ISBN :CNY0.21 |
| ● |
| 相关链接 |
|
|
|
|
正题名:农业气象
索取号:S16/46
 
预约/预借
| 序号 | 登录号 | 条形码 | 馆藏地/架位号 | 状态 | 备注 |
| 1 | 0018017 | 202349306 | 密集书库/ [索取号:S16/46] | 在馆 | |
| 2 | 0439317 | 204393174 | 密集书库/ [索取号:S16/46] | 在馆 |